Mammals of Jigme Singye Wangchuck National Park (Record no. 9416)
[ view plain ]
| 000 -LEADER | |
|---|---|
| fixed length control field | 00341nam a22001097a 4500 |
| 008 - FIXED-LENGTH DATA ELEMENTS--GENERAL INFORMATION | |
| fixed length control field | 230314b |||||||| |||| 00| 0 eng d |
| 082 ## - DEWEY DECIMAL CLASSIFICATION NUMBER | |
| Classification number | 599 |
| 100 ## - MAIN ENTRY--PERSONAL NAME | |
| Personal name | Department of Forests & Park Services, RGOB |
| 245 ## - TITLE STATEMENT | |
| Title | Mammals of Jigme Singye Wangchuck National Park |
| Remainder of title | "A glance through the wild binoculars" |
| 300 ## - PHYSICAL DESCRIPTION | |
| Extent | 55 p. |
| Dimensions | 21.5 cm |
| 942 ## - Added entry Elements (Koha) | |
| Source of classification or shelving scheme | Dewey Decimal Classification |
| Withdrawn status | Lost status | Source of classification or shelving scheme | Damaged status | Not for loan | Collection code | Home library | Current library | Shelving location | Date acquired | Serial Enumeration / chronology | Total Checkouts | Full call number | Barcode | Date last seen | Price effective from | Koha item type |
|---|---|---|---|---|---|---|---|---|---|---|---|---|---|---|---|---|
| Dewey Decimal Classification | Main TEST | RTC Library | RTC Library | Main opac | 14/03/2023 | 177230 | 599 WWF | 30018588 | 14/03/2023 | 14/03/2023 | Main |